Statystyki dla Grupy geograficzne - dwójki #3

Kliknij tutaj aby rozwiązać quiz!

Ogólne statystyki

  • Ten quiz został rozwiązany 7 089 razy
  • Średni wynik to 20 z 40

Statystyki odpowiedzi

WskazówkaOdpowiedź% Poprawnych
Najstarsze uniwersytety w AngliiOksford
82%
Główne miasta Zjednoczonych
Emiratów Arabskich
Dubaj
80%
Najdłuższe rzeki EuropyDunaj
78%
Języki urzędowe CypruTurecki
77%
Brazylijskie megamiasta
(miasta z ludnością >10 mln)
Rio de Janeiro
76%
Państwa graniczące tylko z
Indiami i Chinami
Nepal
75%
Języki urzędowe CypruGrecki
73%
Imperia, których stolicą był
Konstantynopol
Osmańskie
71%
Państwa graniczące tylko z
Indiami i Chinami
Bhutan
68%
Najbardziej i najmniej zalesione
województwa w Polsce
Lubuskie
66%
Główne miasta Zjednoczonych
Emiratów Arabskich
Abu Zabi
64%
Najdłuższe rzeki EuropyWołga
63%
Państwa na terenie PatagoniiArgentyna
61%
Najstarsze uniwersytety w AngliiCambridge
61%
Państwa na terenie PatagoniiChile
61%
Największe azjatyckie pustynieGobi
60%
Parki narodowe Polski na literę KKampinoski
60%
Brazylijskie megamiasta
(miasta z ludnością >10 mln)
São Paulo
57%
Najbardziej i najmniej zalesione
województwa w Polsce
Łódzkie
56%
Państwa nad Zatoką BiskajskąHiszpania
52%
Państwa nad Zatoką BiskajskąFrancja
51%
Parki narodowe Polski na literę KKarkonoski
51%
Terytoria palestyńskieStrefa Gazy
50%
Imperia, których stolicą był
Konstantynopol
Bizantyńskie
49%
Państwa, które otrzymały niepodległość
od Holandii w XX wieku
Indonezja
47%
Stolice Azji zaczynające
się na "Man-"
Manila
47%
Terytoria europejskich mocarstw
oddane Chinom w latach 90.
Hongkong
42%
Największe jeziora w Szkocji pod
względem objętości
Loch Ness
41%
Państwa, które otrzymały niepodległość
od Holandii w XX wieku
Surinam
37%
Główne odłamy islamuSzyizm
35%
Główne odłamy islamuSunnizm
33%
Terytoria europejskich mocarstw
oddane Chinom w latach 90.
Makau
30%
Stolice Azji zaczynające
się na "Man-"
Manama
23%
Terytoria palestyńskieZachodni Brzeg
23%
Najludniejsze miasta USA
z zakończeniem "-ville"
Nashville
21%
Najludniejsze miasta USA
z zakończeniem "-ville"
Jacksonville
19%
Największe azjatyckie pustynieArabska
14%
Główne miasta AlbertyEdmonton
13%
Główne miasta AlbertyCalgary
12%
Największe jeziora w Szkocji pod
względem objętości
Loch Lomond
4%

Rozkład punktacji

Percentyl według liczby udzielonych odpowiedzi

Procent ludzi z każdym wynikiem

Twoja historia wyników

Nie rozwiązałeś tego quizu